| 000 | 01333nam a2200265Ia 4500 | ||
|---|---|---|---|
| 999 |
_c52441 _d52441 |
||
| 001 | 19464 | ||
| 003 | GE_BSU | ||
| 005 | 20220207104632.0 | ||
| 008 | 181216s ||||ge |||||||||||||| ||geo|| | ||
| 040 | _cGE_BSU | ||
| 041 | _ageo | ||
| 080 | _a091(=353.1)+27-36 მ-23 | ||
| 245 |
_aმამათა ცხორებანი : _bბრიტანეთის მუზეუმის ქართული ხელნაწერი XI საუკუნისა / _cტექსტი გამოსაცემად მოამზადა ვახტანგ იმნაიშვილმა ; [რედაქტორი შ. ძიძიგური] |
||
| 264 |
_aთბილისი : _bთბილისის უნ-ტის გამ-ბა, _c1975. |
||
| 300 |
_a545 გვ. ; _c26 სმ. |
||
| 541 | _h10ლ. | ||
| 653 | _aრელიგია | ||
| 653 | _aქართული ხელნაწერები | ||
| 653 | _aქართული ენის ისტორიის გრამატიკა | ||
| 653 | _aწმინდანთა ცხოვრება | ||
| 653 | _aქართველოლოგია | ||
| 653 | _aხელნაწერები | ||
| 700 |
_aძიძიგური, შ. _eრედაქტორი _913475 |
||
| 942 |
_cBK _2udc |
||